| 000 | 00482nam a22001577a 4500 | ||
|---|---|---|---|
| 005 | 20120210141513.0 | ||
| 020 |
_a8120911458 _c60.00 |
||
| 035 | _aB-18048 | ||
| 037 |
_aDPL _bENG |
||
| 100 |
_aAggarwal, V. B. _941541 |
||
| 245 |
_aA tutorial on Windows, Word and Powerpoint / _cby V.B. Aggarwal and M.P. Goel |
||
| 260 |
_aNew Delhi _bPiyush Printers Publishers _c2000 |
||
| 300 |
_a140p. _c22 cms. |
||
| 700 |
_aGoel, M.P. _941542 |
||
| 942 |
_2ddc _cEN _h005.43 _mAGA |
||
| 999 |
_c62516 _d62516 |
||